000 01652nam0a2200325 4500
001 RU\NLR\bibl\1069850
005 20260407092744.0
010 _a5-7271-0783-0
_91000
021 _aRU
_b2007-12477
_9662
035 _a(NLR Aleph) 001057083
090 _a915020
_c915020
100 _a20070406d2006 |||y0rusy50 ca
101 0 _arus
102 _aRU
105 _ay |||||||||
200 1 _aФилософия
_eучебное пособие
_fФедер. агентство по образованию, Гос. образоват. учреждение высш. проф. образования "Челябин. гос. ун-т", Центр заоч. и дистанц. образования
_g[В.А. Кузнецов и др.
_gпод ред. А.Б. Невелева и др.]
210 _aЧелябинск
_cЧелябинский государственный университет
_d2006
215 _a456 с.
_d21
320 _aБиблиогр. в конце гл.
606 1 _aФилософия
_jУчебные издания для высших учебных заведений
_9900139
_3RU\NLR\auth\666996
686 _aЮ0я73
702 1 _4220
_8rus
_7ca
_aКузнецов
_bВ. А.
_cфилософ
_3RU\NLR\AUTH\7751784
_934717
702 1 _aНевелева
_bА. Б.
_4340
712 0 2 _4570
_aЧелябинский государственный университет
_bЦентр заочного и дистанционного образования
_3RU\NLR\AUTH\8810050694
_9601541
801 0 _aRU
_bNLR
_c20070406
_gRCR
801 1 _aRU
_bNLR
_c20070406
942 _cBOOK
980 _aNB
980 _aNBR